Statistics for The Rolling Stones Quiz #1

Click here to take the quiz!

General Stats

  • This quiz has been taken 24 times
  • The average score is 7 of 16

Answer Stats

HintAnswer% Correct
Who are the current members of the band?Keith Richards
100%
Who are the current members of the band?Mick Jagger
100%
Which founding member was fired in 1969?Brian Jones
84%
Who are the current members of the band?Charlie Watts
84%
Who are the current members of the band?Ronnie Wood
68%
Which member retired from the group in 1993?Bill Wyman
58%
Who was the band's guitarist from 1969-1974Mick Taylor
42%
The Rolling Stones are named after which artist's song titled "Rollin' Stone?"Muddy Waters
37%
What song did the Beatles write for the Rolling Stones?I Wanna be Your Man
26%
What song has the band played the most times in concert?Jumpin' Jack Flash
16%
By what nickname do the two songwriters of the band go by?The Glimmer Twins
16%
What was the name of their concert which was declared the end of the hippie era?Altamont
11%
Which femme fatale dated two members of the band?Anita Pallenberg
11%
In 2016, they were the first international rock band to play in which country?Cuba
5%
Who replaced above member on tours and recordings?Daryl Jones
5%
What is the name of the infamous French villa which housed the band in the early 1970s?Nellcote
5%

Score Distribution

Percentile by Number Answered

Percent of People with Each Score

Your Score History

You have not taken this quiz